000 00284nam a2200133Ia 4500
100 _aKuo/B.C
942 _cBK
654 _aautomatic
245 _aAutomatic control system
260 _bprentice hall
_aNew Delhi
_c1987
082 _a629.8
_bKUO
300 _a720
546 _aENGLISH
999 _c30831
_d30831